Osborn's brain imaging, pathology, and anatomy/ (Record no. 120528)
[ view plain ]
| 000 -LEADER | |
|---|---|
| fixed length control field | 01090nam a2200301 a 4500 |
| 003 - CONTROL NUMBER IDENTIFIER | |
| control field | OSt |
| 005 - DATE AND TIME OF LATEST TRANSACTION | |
| control field | 20250825131030.0 |
| 008 - FIXED-LENGTH DATA ELEMENTS--GENERAL INFORMATION | |
| fixed length control field | |
| 020 ## - INTERNATIONAL STANDARD BOOK NUMBER | |
| International Standard Book Number | 9780323477765 (Hardback) |
| Terms of availability | USD 162.00 |
| 040 ## - CATALOGING SOURCE | |
| Original cataloging agency | NUST |
| Transcribing agency | NUST |
| Language of cataloging | eng |
| Modifying agency | NUST |
| Description conventions | rda |
| 050 ## - LIBRARY OF CONGRESS CALL NUMBER | |
| Classification number | RC386.5 OSB |
| 245 10 - TITLE STATEMENT | |
| Title | Osborn's brain imaging, pathology, and anatomy/ |
| Statement of responsibility, etc. | edited by Anne G Osborn ; Gary L Hedlund and Karen L Salzman. |
| 250 ## - EDITION STATEMENT | |
| Edition statement | Second edition. |
| 260 ## - PUBLICATION, DISTRIBUTION, ETC. | |
| Place of publication, distribution, etc. | Philadelphia : |
| Name of publisher, distributor, etc. | Elsevier, |
| Date of publication, distribution, etc. | ©2018. |
| 300 ## - PHYSICAL DESCRIPTION | |
| Extent | xiii, 1372 pages : |
| Other physical details | illustrations (some colour) ; |
| Dimensions | 29 cm. |
| 336 ## - CONTENT TYPE | |
| Content type term | text |
| Content type code | txt |
| Source | rdacontent |
| 337 ## - MEDIA TYPE | |
| Media type term | unmediated |
| Media type code | n |
| Source | rdamedia |
| 338 ## - CARRIER TYPE | |
| Carrier type term | volume |
| Carrier type code | nc |
| Source | rdacarrier |
| 504 ## - BIBLIOGRAPHY, ETC. NOTE | |
| Bibliography, etc. note | Includes bibliographical references and index. |
| 650 #1 - SUBJECT ADDED ENTRY--TOPICAL TERM | |
| Topical term or geographic name entry element | Brain |
| General subdivision | Imaging |
| 650 ## - SUBJECT ADDED ENTRY--TOPICAL TERM | |
| Topical term or geographic name entry element | Brain |
| General subdivision | Pathophysiology. |
| 650 ## - SUBJECT ADDED ENTRY--TOPICAL TERM | |
| Topical term or geographic name entry element | Central nervous system |
| General subdivision | Diseases. |
| 650 ## - SUBJECT ADDED ENTRY--TOPICAL TERM | |
| Topical term or geographic name entry element | Brain |
| General subdivision | Anatomy. |
| 700 ## - ADDED ENTRY--PERSONAL NAME | |
| Personal name | Osborn, Anne G., |
| -- | Editor. |
| 700 ## - ADDED ENTRY--PERSONAL NAME | |
| Personal name | Hedlund, Gary L., |
| -- | Editor. |
| 700 ## - ADDED ENTRY--PERSONAL NAME | |
| Personal name | Salzman, Karen L., |
| -- | Editor. |
| 942 ## - ADDED ENTRY ELEMENTS (KOHA) | |
| Koha item type | Ordinary Loan Books |
| Call number prefix | RC |
| Call number suffix | OSB |
| Source of classification or shelving scheme | |
| Classification part | RC386.5 OSB |
| Suppress in OPAC | No |
| Withdrawn status | Lost status | Source of classification or shelving scheme | Damaged status | Not for loan | Collection | Home library | Current library | Shelving location | Date acquired | Source of acquisition | Cost, normal purchase price | Total Checkouts | Full call number | Barcode | Date last seen | Cost, replacement price | Price effective from | Koha item type | Public note | Accession number |
|---|---|---|---|---|---|---|---|---|---|---|---|---|---|---|---|---|---|---|---|---|
| LCC | NFIC | MEDICAL | MEDICAL | GEN | 07/05/2025 | Book Aid International | 162.00 | RC386.5 OSB | 92004056385 | 07/05/2025 | 162.00 | 07/05/2025 | BOOKS | Donation | 63300 | |||||
| LCC | NFIC | Medical | Medical | GEN | 01/20/2023 | Book Aid International | 162.00 | RC386.5 OSB | 92004047811 | 01/20/2023 | 162.00 | 01/20/2023 | BOOKS | Donation |